000 02337cam a22004211i 4500
003 SA-RiAUC
005 20250105123325.0
008 250105s1980 ir g 000 0 ara c
040 _aSA-JeALM
_bara
_cSA-RiAUC.
_erda
082 0 4 _a235
_qSA-RiAUC
090 _a235
_b ف ي ر
100 1 _aالفيروزآبادي، مرتضى الحسيني،
_d1911-1990
_eمؤلف.
245 1 0 _aفضائل الخمسة من الصحاح الستة /
_cمرتضى الحسيني الفيروزآبادي.
250 _aالطبعة الأولى.
264 1 _aطهران :
_bالمجمع العالمي لأهل البيت.
_c2002
300 _aمجلد ؛
_c24 سم
336 _aنص
_btxt
_2rdacontent
_3كتاب
337 _aبدون وسيط
_bn
_2rdamedia
338 _aمجلد
_bnc
_2rdacarrier
650 7 _aالحديث
_xالكتب الستة
_2aucsh
650 7 _aالحديث
_xفضائل
_2aucsh
700 1 2 _aالبخاري، محمد بن إسماعيل بن إبراهيم،
_d194-256 هجري
700 1 2 _aالإمام مسلم، مسلم بن الحجاج بن مسلم،
_d204-261 هجري
700 1 2 _aأبو داود، سليمان بن الأشعث بن إسحاق،
_d202-275 هجري
700 1 2 _aالنسائي، أحمد بن علي بن شعيب،
_d215-303 هجري
700 1 2 _aالترمذي، محمد بن عيسى بن سورة،
_d209-279 هجري
700 1 2 _aابن ماجة، محمد بن يزيد الربعي،
_d209-273 هجري
740 0 2 _aصحيح البخاري، المسمى، الجامع الصحيح المسند من حديث رسول الله وسننه وأيامه.
740 2 2 _aالجامع الصحيح المسند من حديث رسول الله وسننه وأيامه.
740 0 2 _aصحيح مسلم، المسمى، المسند الصحيح المختصر من السنن بنقل العدل عن العدل عن رسول الله صلى الله عليه وسلم.
740 2 2 _aالمسند الصحيح المختصر من السنن بنقل العدل عن العدل عن رسول الله صلى الله عليه وسلم.
740 0 2 _aسنن أبي داود.
740 0 2 _aسنن النسائي.
740 0 2 _aسنن الترمذي.
740 0 2 _aسنن ابن ماجة.
942 _2ddc
_cBOOK
_n0
949 _aSA-JeALM
_d250105
_umohamedma123
_n1
999 _c4468
_d4468